West and Non-West : New perspectives

Zapisane w:
Opis bibliograficzny
1. autor: Dean, Vera Micheles
Format: Książka
Język:Undetermined
Wydane: New York Holt, Rinehart and Winston, Inc 1963
Hasła przedmiotowe:
Etykiety: Dodaj etykietę
Nie ma etykietki, Dołącz pierwszą etykiete!
Thư viện lưu trữ: Trung tâm Học liệu Trường Đại học Cần Thơ
LEADER 00579nam a2200205Ia 4500
001 CTU_83086
008 210402s9999 xx 000 0 und d
082 |a 901.9 
082 |b D281 
100 |a Dean, Vera Micheles 
245 0 |a West and Non-West : 
245 0 |b New perspectives 
245 0 |c Vera Micheles Dean 
260 |a New York 
260 |b Holt, Rinehart and Winston, Inc 
260 |c 1963 
650 |a Civilization, western,Developing countries 
650 |z Asia,Africa 
904 |i QHieu(sửa) 
980 |a Trung tâm Học liệu Trường Đại học Cần Thơ